| 000 | 01595nam a2200361 c 4500 | ||
|---|---|---|---|
| 003 | BLK | ||
| 005 | 20191228124946.0 | ||
| 008 | 180413b bul|||||r ||||||| ||bul|| | ||
| 010 | _aKNG00025339000 | ||
| 040 | _aBLK | ||
| 041 |
_aBUL _cBUL |
||
| 080 |
_aПолитическо преследване. Терористични действия. Тероризъм - Атентати, политически убийства. Вж и 343.1 ; 343.3/.7 _b323.28 _x(497.2)(091) _z323.28(497.2)(091) |
||
| 100 | 1 |
_aПисаров, Николай _eпърви автор _9244873 |
|
| 139 |
_aПисаров, Николай _bП 54 |
||
| 245 | 1 | 0 |
_aЛицата на омразата (Тероризмът в България) _bОт солунските атентати до днешните килъри и "мокрите" поръчки _cНиколай Писаров. |
| 257 | _aBGR | ||
| 260 |
_аСофия _bЕМАС _bГлобус _c1998 _fСофия : Балкан прес |
||
| 300 |
_a269 с. _bс ил. _c20 см |
||
| 380 | _a3 | ||
| 490 | 1 | _aБиблиотека Престъпен свят | |
| 500 | _a3 000 тир. | ||
| 650 | 4 |
_aТероризъм - България - история _9266750 |
|
| 650 | 4 |
_aПрестъпност - България _9250885 |
|
| 651 | 4 |
_aБългария _9241624 |
|
| 653 | _aтероризъм | ||
| 653 | _aпрестъпност | ||
| 653 | _aбългарска история | ||
| 852 | _aЦб 198845 | ||
| 856 | 4 |
_qpdf _u |
|
| 856 | 4 |
_qpdf _u |
|
| 942 |
_cKNG _n0 _03 |
||
| 944 |
_aCR _c15.01.2003 _lф / _kAB_DOS |
||
| 944 |
_aED _c07.02.2017 _lф / _kЛюдмила_Стоянова |
||
| 999 |
_c22887 _d22887 |
||